Catálogo

El extraditado Benjamín Arellano Félix / (Registro nro. 32411)

Detalles MARC
000 -LEADER
fixed length control field 01442cam a2200361 i 4500
001 - CONTROL NUMBER
control field 32411
003 - CONTROL NUMBER IDENTIFIER
control field Mx-PuUPA
005 - DATE AND TIME OF LATEST TRANSACTION
control field 20250428105213.0
008 - FIXED-LENGTH DATA ELEMENTS--GENERAL INFORMATION
fixed length control field 140415s2016 mx a gr 000 0 spa d
020 ## - INTERNATIONAL STANDARD BOOK NUMBER
International Standard Book Number 9786073145022
040 ## - CATALOGING SOURCE
Original cataloging agency Mx-PuUPA
Transcribing agency Mx-PuUPA
Language of cataloging spa
Modifying agency Mx-PuUPA
Description conventions rda
041 0# - LANGUAGE CODE
Language code of text/sound track or separate title spa
100 1# - MAIN ENTRY--PERSONAL NAME
Personal name Reyna, Juan,
Dates associated with a name 1980-
9 (RLIN) 16876
Relator term autor
245 10 - TITLE STATEMENT
Title El extraditado Benjamín Arellano Félix /
Statement of responsibility, etc. Juan Carlos Reyna ; en colaboración con Farrah Fresnedo.
246 14 - VARYING FORM OF TITLE
Title proper/short title El extraditado :
Remainder of title las confesiones del jefe del cártel de Tijuana Benjamín Arellano Félix desde una prisión de máxima seguridad.
250 ## - EDITION STATEMENT
Edition statement Primera edición /
Remainder of edition statement junio
264 #1 - PRODUCTION, PUBLICATION, DISTRIBUTION, MANUFACTURE, AND COPYRIGHT NOTICE
Place of production, publication, distribution, manufacture Ciudad de México :
Name of producer, publisher, distributor, manufacturer Penguin Random House Grupo Editorial,
Date of production, publication, distribution, manufacture, or copyright notice ©2016
300 ## - PHYSICAL DESCRIPTION
Extent 219 páginas :
Other physical details ilustraciones ;
Dimensions ©2016
336 ## - CONTENT TYPE
Fuente rdacontent
Content type term texto
Content type code txt
337 ## - MEDIA TYPE
Source rdamedia
Media type term sin medio
Media type code n
338 ## - CARRIER TYPE
Source rdacarrier
Carrier type term volumen
Carrier type code nc
490 0# - SERIES STATEMENT
Series statement Colección México Roto
600 1# - SUBJECT ADDED ENTRY--PERSONAL NAME
Personal name Arellano Féliz, Benjamin,
Form subdivision Biografías
650 #7 - SUBJECT ADDED ENTRY--TOPICAL TERM
9 (RLIN) 13986
Source of heading or term armarc
Topical term or geographic name entry element Crímen organizado
Geographic subdivision México
650 #7 - SUBJECT ADDED ENTRY--TOPICAL TERM
Source of heading or term armarc
Topical term or geographic name entry element Narcotraficantes
Geographic subdivision México
Form subdivision Biografía
650 #7 - SUBJECT ADDED ENTRY--TOPICAL TERM
Source of heading or term armarc
Topical term or geographic name entry element Extradición
Geographic subdivision Estados Unidos
700 1# - ADDED ENTRY--PERSONAL NAME
Personal name Fresnedo, Farrah,
Relator term colaborador
942 ## - ADDED ENTRY ELEMENTS (KOHA)
Source of classification or shelving scheme Dewey Decimal Classification
Koha item type Libro
Classification part 345.72052
Item part A678
Existencias
Withdrawn status Lost status Source of classification or shelving scheme Damaged status Not for loan Collection code Home library Current library Shelving location Date acquired Source of acquisition Total Checkouts Full call number Barcode Date last seen Price effective from Koha item type
    Dewey Decimal Classification     General Biblioteca Karol Wojtyla Biblioteca Karol Wojtyla Sala general 03/12/2013 Donación   345.72052 A67 2016 62422 05/01/2026 03/12/2013 Libro